00369nam a22001457a 450000500170000001000130001702000220003003500130005203700280006508200120009310000160010524500470012126000340016830000210020220190516171732.0 aB-084069 a0333920163c58.00 aB-084069 bMacmillan India Limited a884.092 aNayar, M.G. aA galaxy of english essaists /cM.G. Nayar bMacmillan India Limitedc1986 a194pc21cm (hbk)